| 000 | 00483 a2200169 4500 | ||
|---|---|---|---|
| 003 | OSt | ||
| 005 | 20231107100849.0 | ||
| 008 | 231107b |||||||| |||| 00| 0 eng d | ||
| 020 | _a9789392489075 | ||
| 040 | _coclc | ||
| 082 |
_a910 _bSUR/P |
||
| 100 |
_aSurendran, P _9540 |
||
| 245 |
_a1921 PORALIKAL VARACHA DESHA BHOOPADANGAL / _cP Surendran |
||
| 260 |
_aKerala: _bTelbrain books, _c2021. |
||
| 300 | _a403p | ||
| 942 |
_2ddc _cBK _h910 _iSUR/P _k910 _mSUR/P |
||
| 999 |
_c42839 _d42839 |
||